000 00460nam a2200181Ia 4500
001 19048
005 20260306171715.0
008 260306s9999||||xx |||||||||||||| ||und||
041 _aESP
082 _a658.8
_bC72
100 _aCohen, William A.
_eAUT
245 0 _aEl plan de márketing:
_bprocedimientos, formularios, estrategia y técnica
260 _c2002
300 _apágs. :
_ccm.
650 _aGEN
654 _aCAN
942 _cLIB
_dJUS
_fJUS
_2ddc
_n
999 _c19048
_d19048